Tytuły piosenek finału 67. Konkursu Piosenki Eurowizji 2023 - Statystyki

Ogólne statystyki
  • Ten quiz został rozwiązany 51 razy
  • Średni wynik to 15 z 26
Statystyki odpowiedzi
Kraj Tytuł piosenki % Poprawnych
Polska Solo
98%
Finlandia Cha Cha Cha
80%
Szwecja Tattoo
80%
Chorwacja Mama SC!
76%
Izrael Unicorn
76%
Wielka Brytania I Wrote A Song
64%
Norwegia Queen Of Kings
64%
Austria Who The Hell Is Edgar?
64%
Estonia Bridges
60%
Słowenia Carpe Diem
60%
Armenia Future Lover
60%
Hiszpania EAEA
58%
Czechy My Sister’s Crown
58%
Australia Promise
58%
Serbia Samo Mi Se Spava
58%
Cypr Break A Broken Heart
56%
Albania Duje
56%
Ukraina Heart Of Steel
51%
Szwajcaria Watergun
51%
Litwa Stay
49%
Belgia Because Of You
47%
Włochy Due Vite
47%
Francja Evidemment
47%
Niemcy Blood Glitter
44%
Portugalia Ai Coracao
40%
Mołdawia Soarele si Luna
38%
Nie znaleziono quizów pasujących do podanych kryteriów
Rozkład punktacji
Procent ludzi z każdym wynikiem
Percentyl według liczby udzielonych odpowiedzi
Twoja historia wyników
Nie rozwiązałeś tego quizu